Five Largest Exports of Each Continent - Statistics

General Stats
  • This quiz has been taken 47 times
  • The average score is 6 of 30
Answer Stats
Continent Product Value % Correct
North America Crude Oil $269B
91%
Latin America & The Caribbean Crude Oil $178B
62%
Africa Crude Oil $253B
53%
Asia Crude Oil $747B
47%
Africa Gold $57B
41%
North America Automobiles $134B
38%
Europe Automobiles $756B
32%
Oceania Crude Oil $15B
26%
North America ProcessedPetroleum Oils $158B
26%
Latin America & The Caribbean Automobiles $52B
24%
Oceania Iron Ores and Concentrates $116B
21%
Africa Petroleum Gases $83B
21%
Asia Processed Petroleum Oils $717B
21%
Oceania Gold $24B
18%
Asia Integrated Circuits and Micro-Assemblies $1.47T
15%
Oceania Petroleum Gases $51B
15%
Europe Processed Petroleum Oils $427B
12%
Oceania Coal and Coal-based Fuels $82B
6%
Latin America & The Caribbean Copper Ores and Concentrates $33B
6%
North America Petroleum Gases $119B
6%
Latin America & The Caribbean Computers and Optical Readers $19B
3%
Asia Computers and Optical Readers $497B
3%
North America Motor Vehicle Parts and Accesories $91B
3%
Europe Petroleum Gases $258B
3%
Africa Processed Petroleum Oils $27B
3%
Africa Refined Copper $20B
3%
Latin America & The Caribbean Soybeans $65B
3%
Europe Blood Products $178B
0%
Europe Medication Mixes $360B
0%
Asia Smartphones and Telecom Devices $693B
0%
No matching quizzes found
Score Distribution
Percent of People with Each Score
Percentile by Number Answered
Your Score History
You have not taken this quiz